Normal view
MARC view
Entry Personal Name
001 - CONTROL NUMBER
- control field: 62351
003 - CONTROL NUMBER IDENTIFIER
- control field: dpl
005 - DATE AND TIME OF LATEST TRANSACTION
- control field: 20240221144648.0
008 - FIXED-LENGTH DATA ELEMENTS
- fixed length control field: 240221|| aca||aabn | a|a d
040 ## - CATALOGING SOURCE
- Original cataloging agency: dpl
- Transcribing agency: dpl
100 ## - HEADING--PERSONAL NAME
- Personal name: Mahulikar, Gauri
670 ## - SOURCE DATA FOUND
- Source citation: Work cat.: (dpl)200614: Mahulikar, Gauri, Animals And Birds Sanskrit Literature/, 2015
